000 nam a22 7a 4500
999 _c4727
_d235231
020 _a9789873953521
080 _a347.4+ 347.7 Od 5
100 _aO Donnell Gastón Alejandro
245 _aDerecho Privado Empresarial
_bobligaciones y contratos
250 _a2ª Ed. amp. y act.
260 _aCiudad Autonoma de Buenos Aires
_bErreius
_c2016
300 _a688 P.
_c24 X 17 Cm.
650 _xderecho privado
_xderecho de la empresa
_xobligaciones
_xcontratos
_xderecho civil
_xderecho comercial
_xresponsabilidad civil
_xcodigo civil y comercial
_xfilosofia del derecho
945 _acd
_d2018-06-18
942 _6_